000
00302nam a22001337a 4500
008
180306b xxu||||| |||| 00| 0 eng d
020
_a
9780205730728
041
_a
eng
080
_a
82
100
_a
21
101
_a
GJL
245
_a
Literature and the writing process
_c
Mahan,E.M
942
_2
udc
_c
BK
999
_c
44154
_d
44154